Word Ladder: Let's Share Some Electrons Quiz Stats

 Plays Quiz Updated May 10, 2019

Score 0/19 Timer 02:30
0 Plays Today
Hint 4-Letter Word % Correct
Beach's soilSAND
98.7%
Rescue someone from dangerSAVE
97.6%
Mentally wellSANE
97.4%
Transmitted an emailSENT
96.7%
Period preceding Easter⚬ LENT ⚬
96.6%
A chair or stool, for exampleSEAT
96.5%
Uttered aloud; voicedSAID
96.5%
Curve in a riverBEND
96.4%
Blood vessel carrying blood back to the heartVEIN
96.3%
Liquid precipitationRAIN
96.3%
Hint 4-Letter Word % Correct
Meat from young cowsVEAL
96%
Let someone use; loanLEND
96%
Follows 'Navy' to form a member of the US militarySEAL
95.7%
Spy who prefers his drinks shaken (not stirred)⚬ BOND ⚬
95.2%
Having excessively high self-esteemVAIN
95.1%
Material to conceal the face⚬ VEIL ⚬
94.8%
Oakland's NFL team may do thisRAID
93.7%
Small sheltered bay⚬ COVE ⚬
93.6%
Hang Son Doong in Vietnam is the world's largestCAVE
93.5%

Today's Daily Dose

Missing Word
1940s A-Z

Quick Pick
'S' Athletes

Get the Picture
Depp or Bonham Carter

You're not logged in!

Compare scores with friends on all Sporcle quizzes.
OR
Log In

Sporcle TV

Today on Sporcle TV


Watch our educational content, quiz creation guides, and fun videos on Sporcle TV.

Show Comments

Extras

Top Quizzes Today


Score Distribution

Your Account Isn't Verified!

In order to create a playlist on Sporcle, you need to verify the email address you used during registration. Go to your Sporcle Settings to finish the process.

Report this User

Report this user for behavior that violates our Community Guidelines.

Details: